Building capacity for sustainable living (Record no. 228475)

MARC details
000 -LEADER
fixed length control field 00281nam a2200097Ia 4500
082 ## - DEWEY DECIMAL CLASSIFICATION NUMBER
Classification number 338.927 RAAT
008 - FIXED-LENGTH DATA ELEMENTS--GENERAL INFORMATION
fixed length control field 210817s9999 xx 000 0 und d
100 ## - MAIN ENTRY--PERSONAL NAME
Personal name Raath, S. P. Centurion [South Africa], 2006
245 #0 - TITLE STATEMENT
Title Building capacity for sustainable living
942 ## - ADDED ENTRY ELEMENTS
item type Books
Holdings
Withdrawn status Lost status Damaged status Not for loan Home library Current library Date acquired Cost, normal purchase price Total Checkouts Barcode Date last seen Price effective from item type
        Thistle Grove Thistle Grove 18.08.2021 70.00   33228023809070 18.08.2021 18.08.2021 Books